000 00443nam a2200169Ia 4500
008 170705s9999 xx 000 0 und d
020 _a978084311441x
245 _aCrabby Gabby /
245 _cby Stephen Cosgrove ; illustrated by Robin James.
260 _aLos Angeles, California :
260 _bPrice Stern Sloan, Inc.,
260 _c1985
300 _aunpaged :
300 _bchiefly colored ;
300 _c21cm.
500 _a640
999 _c337315
_d337315